000 00659nam a2200241Ia 4500
003 OSt
005 20221007080754.0
006 a|||||r|||| 00| 0
007 ta
008 221006b |||||||| |||| 00| 0 eng d
020 _a9781108436397
024 _a45,612
037 _cTextual
040 _aFLL
_cFLL
_beng
041 _2eng
_aeng
082 _aZ1,5, Q9
100 _aSTAHN Carsten
_9695463
245 0 _aCritical introduction to international criminal law
260 _aNew York
_bCambridge University Press USA
_c2019
300 _axviii,448p.
_ccm.
942 _hZ1,5, Q9
_cTEXL
_2CC
999 _c1160838
_d1160838